|
|
|
|
| LEADER |
00000nab a2200000 a 4500 |
| 001 |
vtls000820292 |
| 003 |
SK-MaSNL |
| 005 |
20260304111106.0 |
| 008 |
250429c2002 xo 0 slo |
| 015 |
|
|
|a SNBRB2003/01-00067
|
| 035 |
|
|
|a CLN000171947
|
| 035 |
|
|
|a urn:nbn:sk:snk-abag6l
|
| 035 |
|
|
|a (urnnbn)urn:nbn:sk:snk:ar-007xrh
|
| 035 |
|
|
|a (uuid)c5ab4edc-1a10-496a-921d-4ced852e55d3
|
| 040 |
|
|
|a SNKBUCL
|b slo
|c SNKBUCL
|e AACR2
|
| 041 |
0 |
|
|a slo
|
| 044 |
|
|
|a xo
|c SK
|
| 080 |
|
|
|a 621.3.011.7
|2 1997
|
| 080 |
|
|
|a 621.377
|2 1997
|
| 100 |
1 |
|
|a Guzan, Milan,
|d 1969-
|4 aut
|9 313579
|
| 245 |
1 |
0 |
|a Limitné cykly a trajektórie vo viachodnotovej pamäťovej bunke
|c Milan Guzan
|
| 300 |
|
|
|b Grafy, sch., tab.
|
| 504 |
|
|
|a Res. angl.
|
| 504 |
|
|
|a Bibliogr. odkazy
|
| 504 |
|
|
|a Biogr. údaje
|
| 650 |
0 |
7 |
|a bunky pamäťové
|x logika viachodnotová
|x trajektórie
|x matica Jacobiho
|2 snkbucl
|9 1410702
|
| 650 |
0 |
7 |
|a matica Jacobiho
|2 snkbucl
|9 1410703
|
| 655 |
|
7 |
|a články z novín a časopisov
|2 snkbucl
|9 267496
|
| 773 |
0 |
|
|t Acta electrotechnica et informatica
|g Roč. 2, č. 1 (2002), s. 36-41
|x 1335-8243
|
| 850 |
|
|
|a Slovenská národná knižnica
|
| 852 |
|
|
|a Slovenská národná knižnica
|
| 954 |
|
|
|a odborná, vedecká literatúra pôvodná (slovenská)
|2 lita
|
| 958 |
|
|
|a article14
|
| 958 |
|
|
|a OND
|
| 958 |
|
|
|a NB
|
| 958 |
|
|
|a EUIPO
|
| 992 |
|
|
|a RBX
|
| 999 |
|
|
|c 2861721
|d 2863651
|